| 000 | 01187ngm a22003250a 4500 | ||
|---|---|---|---|
| 001 | PT17578 | ||
| 003 | AR-LpoUNG | ||
| 005 | 20210202000251.0 | ||
| 007 | vd cvaizq | ||
| 008 | 191001s1977||||xxu|||||||||||||||||ita d | ||
| 037 | _c$16.63 | ||
| 040 |
_aAR-LpoUNG _bspa _cAR-LpoUNG _eaacr |
||
| 041 |
_aita _aspa |
||
| 044 | _axxu | ||
| 082 | 0 | _a945.091 546v2 | |
| 100 | 1 |
_aBertolucci, Bernardo _edir. |
|
| 245 | 1 | 0 |
_a1900 : _bNovecento |
| 260 |
_aNew York : _bCBS FOX, _c[1977]. |
||
| 300 | _aVHS : son., col. | ||
| 505 | 0 | _aGuión: Franco Arcalli. | |
| 520 | _aEn esta segunda parte, Bertolucci sigue su análisis sobre la barbarie fascista. La lucha constante por la libertad, aún en el peor de los sometiemientos, el afán de justicia latente en la condición humana que tiene siempre un lugar para la locura, la soberia y el oscurantismo. El protagonista de esta histoira es el pueblo italiano que sufrió en carne propia la tragedia de un sistema que pregonaba la muerte. | ||
| 650 | 4 | _aITALIA | |
| 650 | 4 | _aPROBLEMAS SOCIALES | |
| 650 | 4 | _aSISTEMAS POLITICOS | |
| 650 | 4 | _aSOCIEDAD | |
| 653 | _aFASCISMO | ||
| 653 | _aVIDEOS | ||
| 905 | _a17578 | ||
| 942 | _cVIDEO | ||
| 999 |
_c54483 _d54483 |
||